Prontuario de la acentuación castellana / (Record no. 163604)
[ view plain ]
| 000 -LEADER | |
|---|---|
| campo de control de longitud fija | 00702nam a22001935i 4500 |
| 001 - NÚMERO DE CONTROL | |
| campo de control | 163604 |
| 003 - IDENTIFICADOR DE NÚMERO DE CONTROL | |
| campo de control | ES-MaACL |
| 005 - FECHA Y HORA DE LA ÚLTIMA TRANSACCIÓN | |
| campo de control | 20230906212756.0 |
| 008 - DATOS DE LONGITUD FIJA--INFORMACIÓN GENERAL | |
| campo de control de longitud fija | 990611s1880 ve |||| | spa d |
| 040 ## - FUENTE DE CATALOGACIÓN | |
| Centro catalogador/agencia de origen | CCPB | B |
| Lengua de catalogación | spa |
| Centro/agencia transcriptor | CCPB | B |
| 100 1# - ENTRADA PRINCIPAL--NOMBRE DE PERSONA | |
| Nombre de persona | Rivodó, Baldomero. |
| 9 (RLIN) | 131875 |
| 245 10 - MENCIÓN DEL TÍTULO | |
| Título | Prontuario de la acentuación castellana / |
| Mención de responsabilidad, etc. | por B. Rivodó. |
| 250 ## - MENCION DE EDICION | |
| Mención de edición | 2ª ed. corr. y aum. |
| 260 ## - PUBLICACIÓN, DISTRIBUCIÓN, ETC. | |
| Lugar de publicación, distribución, etc. | Caracas : |
| Nombre del editor, distribuidor, etc. | [s.n.], |
| Fecha de publicación, distribución, etc. | 1880 ( |
| Fabricante | Imprenta de Antero Hermanos) |
| 300 ## - DESCRIPCIÓN FÍSICA | |
| Extensión | 78 p. ; |
| Dimensiones | 17 cm. |
| 650 #4 - PUNTO DE ACCESO ADICIONAL DE MATERIA--TÉRMINO DE MATERIA | |
| Término de materia o nombre geográfico como elemento de entrada | Lengua española- |
| Subdivisión general | Acento. |
| 9 (RLIN) | 14116 |
| 752 ## - ENTRADA AGREGADA--NOMBRE JERÁRQUICO DEL LUGAR | |
| País o entidad superior | Venezuela - |
| Ciudad | Caracas |
| 852 ## - LOCALIZACIÓN | |
| Ubicación | ES-MaACL |
| Número de control de estantería | T-345-F-8 |
| Nota libre | -- Enc. hol. |
| -- | -- Dedic. ms. del autor al Ateneo de Madrid |
| -- | -- Enc. en un vol. facticio |
| Estatus retirado | Estado de pérdida | Estado de daño | No para préstamo | Colección | Biblioteca de origen | Biblioteca actual | Ubicación en estantería | Fecha de adquisición | Total de préstamos | Signatura topográfica completa | Código de barras | Visto por última vez | Precio de reemplazo | Tipo de ítem Koha |
|---|---|---|---|---|---|---|---|---|---|---|---|---|---|---|
| Colección de folletos | Biblioteca del Ateneo de Madrid | Biblioteca del Ateneo de Madrid | Depósito folletos | 17/01/2008 | T-345-F-8 | 1171443 | 23/02/2023 | 23/02/2023 | Folleto |
